000 00654cam a22002413a 4500
001 18708
003 PGUSA
005 20140828083410.0
008 060628s2006||||xxu|||||s|||||000 1 eng d
040 _aPGUSA
_beng
042 _adc
050 4 _aPH
100 1 _aJókai, Mór,
_d1825-1904
245 1 0 _aDr. Dumany's Wife
_h[electronic resource] /
_cMór Jókai
260 _bProject Gutenberg,
_c2006
500 _aTranslation of: Nincsen ördög
506 _aPublic domain in the USA.
516 _aElectronic text
653 _aFiction
830 0 _aProject Gutenberg
_v18708
856 4 0 _uhttp://www.gutenberg.org/ebooks/18708
942 _cEB
999 _c247963
_d247963